000 01959nam a2200553 i 4500
001 14264
003 KOSZ 005
005 20240405063020.0
008 070810s1970 pl ab f 000 0 pol
015 _aPB 1970/7922
035 _a991035901169705066
035 _a(PL-WaBN)b19650887-48omnis_nlop
035 _ab19650887
035 _a(OCoLC)839123036
035 _a(PL)b0000001965088
035 _a(EXLNZ-48OMNIS_NETWORK)9910158292905606
040 _aWA N
_cWA N
_dKOSZ 005/RW
046 _k1970
080 _a622(438)
080 _a331.04-057(438)
080 _a378.6(438)
100 1 _aHerod, Czesław
_d(1933-1990)
_eAutor
245 1 0 _aAdaptacja wychowanków Akademii Górniczo-Hutniczej w przemyśle górniczym /
_cCzesław Herod ; Akademia Górniczo-Hutnicza w Krakowie.
260 _aKraków :
_bPaństwowe Wydawnictwo Naukowe,
_c1970.
300 _a115, [1] stron :
_bilustracje, mapa ;
_c24 cm.
336 _aTekst
_btxt
_2rdacontent
337 _aBez urządzenia pośredniczącego
_bn
_2rdamedia
338 _aWolumin
_bnc
_2rdacarrier
380 _aKsiążki
388 _a1901-2000
490 1 _aWydawnictwa Jubileuszowe 1919-1969
650 7 _aAbsolwenci szkół wyższych
_2DBN
658 _aEdukacja i pedagogika
658 _aInżynieria i technika
655 7 _aRaport z badań
650 7 _aPraca
650 7 _aSocjologia
648 7 _a1901-2000
_2DBN
650 7 _aZatrudnienie
651 7 _aPolska
648 7 _a1945-1989
_2DBN
650 7 _aGórnictwo
_2DBN
610 2 7 _aAkademia Górniczo-Hutnicza im. Stanisława Staszica (Kraków)
_2DBN
710 2 _aPaństwowe Wydawnictwo Naukowe
_4pbl.
830 0 _aWydawnictwa Jubileuszowe 1919-1969
856 _uhttp://koha.tu.koszalin.pl/cgi-bin/koha/opac-detail.pl?biblionumber=14264
_yKatalog online BPK
942 _2UKD
_cKS
999 _c14264
_d14264